Presentacion del libro "La razón y la sombra : (una lectura política de Ortega y Gasset)" de Antonio Elorza (Record no. 5046)
[ view plain ]
| 000 -LEADER | |
|---|---|
| campo de control de longitud fija | 01383njm a2200301 i 4500 |
| 001 - NÚMERO DE CONTROL | |
| campo de control | 5046 |
| 003 - IDENTIFICADOR DE NÚMERO DE CONTROL | |
| campo de control | ES-MaACL |
| 005 - FECHA Y HORA DE LA ÚLTIMA TRANSACCIÓN | |
| campo de control | 20251009172043.0 |
| 007 - CAMPO FIJO DE DESCRIPCIÓN FÍSICA--INFORMACIÓN GENERAL | |
| campo de control de longitud fija | s|r||||||||||| |
| 008 - DATOS DE LONGITUD FIJA--INFORMACIÓN GENERAL | |
| campo de control de longitud fija | 070914s1984 sp ||| g ||||||||1|nspa d |
| 245 00 - MENCIÓN DEL TÍTULO | |
| Título | Presentacion del libro "La razón y la sombra : (una lectura política de Ortega y Gasset)" de Antonio Elorza |
| Medio | [Grabación sonora] / |
| Mención de responsabilidad, etc. | intervienen Antonio Elorza, José Jiménez, José Luis Aranguren y Jacobo Muñoz. |
| 260 ## - PUBLICACIÓN, DISTRIBUCIÓN, ETC. | |
| Lugar de publicación, distribución, etc. | Madrid : |
| Nombre del editor, distribuidor, etc. | Ateneo de Madrid, |
| Fecha de publicación, distribución, etc. | 1984. |
| 300 ## - DESCRIPCIÓN FÍSICA | |
| Extensión | 2 discos (CD-DA) (1 h. 53 min. 5 seg.) ; |
| Dimensiones | 12 cm. |
| 500 ## - NOTA GENERAL | |
| Nota general | Datos basados en la invitación. |
| 518 ## - NOTA DE FECHA/HORA Y LUGAR DE UN ACONTECIMIENTO | |
| Nota de fecha/hora y lugar de un acontecimiento | Acto organizado por el Ateneo de Madrid en colaboración con la editorial Anagrama , grabado en el salón de actos el viernes, 25 de mayo de 1984, a las 19:00 h. |
| 600 14 - PUNTO DE ACCESO ADICIONAL DE MATERIA--NOMBRE DE PERSONA | |
| Nombre de persona | Ortega y Gasset, José, |
| Fechas asociadas al nombre | 1883-1955- |
| Subdivisión general | Crítica e interpretación |
| 9 (RLIN) | 87505 |
| 610 04 - PUNTO DE ACCESO ADICIONAL DE MATERIA--NOMBRE DE ENTIDAD CORPORATIVA | |
| Nombre de entidad corporativa o nombre de jurisdicción como elemento de entrada | Ateneo de Madrid- |
| Subdivisión general | Actos culturales- |
| Subdivisión cronológica | 1984- |
| Subdivisión de forma | Grabaciones sonoras |
| 9 (RLIN) | 1899 |
| 700 1# - ENTRADA AGREGADA--NOMBRE PERSONAL | |
| Nombre de persona | Jiménez, José. |
| 9 (RLIN) | 66414 |
| 700 1# - ENTRADA AGREGADA--NOMBRE PERSONAL | |
| Nombre de persona | Aranguren, José Luis L., |
| Fechas asociadas al nombre | 1909-1996 |
| 9 (RLIN) | 22315 |
| 700 1# - ENTRADA AGREGADA--NOMBRE PERSONAL | |
| Nombre de persona | Muñoz, Jacobo. |
| 9 (RLIN) | 137824 |
| 700 1# - ENTRADA AGREGADA--NOMBRE PERSONAL | |
| Nombre de persona | Elorza, Antonio, |
| Fechas asociadas al nombre | 1943- |
| 9 (RLIN) | 47089 |
| 710 2# - ENTRADA AGREGADA--NOMBRE DE ENTIDAD CORPORATIVA | |
| Nombre de entidad corporativa o nombre de jurisdicción como elemento de entrada | Ateneo de Madrid. |
| 9 (RLIN) | 1875 |
| 710 2# - ENTRADA AGREGADA--NOMBRE DE ENTIDAD CORPORATIVA | |
| Nombre de entidad corporativa o nombre de jurisdicción como elemento de entrada | Editorial Anagrama. |
| 9 (RLIN) | 3435 |
| 852 ## - LOCALIZACIÓN | |
| Ubicación | ES-MaACL |
| Número de control de estantería | ROT 6/1/38 |
| itemnumber | 5163 |
| Ubicación en estantería | Rotativo |
| 852 ## - LOCALIZACIÓN | |
| Ubicación | ES-MaACL |
| Número de control de estantería | ROT 6/1/39 |
| itemnumber | 203685 |
| Ubicación en estantería | Rotativo |
| 942 ## - ELEMENTOS DE ENTRADA SECUNDARIOS (KOHA) | |
| Fuente del sistema de clasificación o colocación | Clasificación decimal universal |
| Estatus retirado | Estado de pérdida | Fuente del sistema de clasificación o colocación | Estado de daño | No para préstamo | Colección | Biblioteca de origen | Biblioteca actual | Ubicación en estantería | Fecha de adquisición | Total de préstamos | Signatura topográfica completa | Código de barras | Visto por última vez | Precio de reemplazo | Tipo de ítem Koha |
|---|---|---|---|---|---|---|---|---|---|---|---|---|---|---|---|
| Clasificación decimal universal | Archivo de la palabra | Biblioteca del Ateneo de Madrid | Biblioteca del Ateneo de Madrid | Rotativo | 17/01/2008 | ROT 6/1/38 | 1005109 | 23/02/2023 | 23/02/2023 | Archivo de ordenador en CD-ROM, CD o disquete | |||||
| Clasificación decimal universal | Archivo de la palabra | Biblioteca del Ateneo de Madrid | Biblioteca del Ateneo de Madrid | Rotativo | 17/01/2008 | ROT 6/1/39 | 18/06/2024 | 23/02/2023 | Archivo de ordenador en CD-ROM, CD o disquete |
